000 00981cam a2200241 i 4500
003 SA-RiAUC
005 20260220133456.0
008 260125s1913 su g 00000 ara c
040 _aSA-RiKSU
_bara
_cSA-RiAUC
_erda
082 0 4 _a415.1
090 _aم ن 415.1
_bا م ي
100 1 _aالأمير، محمد جمال
_eمؤلف.
245 1 2 _aالثمرات الجنية في الأسئله النحوية /
_cمحمد جمال الأمير.
264 1 _a[مكان النشر غير محدد] :
_b[الناشر غير محدد]،
_c[1913]
264 3 _aمكة المكرمة :
_bمطبعة الترقي الماجدية
300 _a48 صفحة ؛
_c19 سم
336 _aنص
_btxt
_2rdacontent
_3كتاب
337 _aبدون وسيط
_bn
_2rdamedia
338 _aمجلد
_bnc
_2rdacarrier
650 7 _aاللغة العربية
_xنحو
_vاختبارات، أسئلة، إلخ.
_2aucsh
942 _2ddc
_cRBOOK COPY
_n0
949 _aSA-JeALM
_d260125
_umohamedma123
_n1
999 _c14409
_d14409